All Game of Thrones Characters Ever! pt 9 Quiz Stats

 Plays Quiz not verified by Sporcle

Challenge
Share
Tweet
Embed
Score 0/243 Timer 20:00
0 Plays Today
% Correct
Tyrion Lannister
89.3%
Tywin Lannister
88.9%
Tom Costayen
80.9%
Tom of Sevenstreams
80.9%
Will
77.3%
Will the Orphan
77.3%
Will Humble
77.3%
Will the Stork
77.3%
Walder Brax
76%
Walder Frey
76%
Walder Goodbrook
76%
Walder Haigh
76%
Walder Rivers
76%
Walder Vance
76%
Prince or King Tommen Baratheon
73.5%
Tommen Costayne
73.5%
Viserys II Targaryen
73.1%
Viserys Targaryen The Beggar King
73.1%
Yellow Dick
71.8%
Zollo
71.6%
Varys
70.8%
Taena of Myr
70.4%
Walda Frey (daughter of Edwyn)
70.2%
Walda Frey (Daughter of Lothar)
70.2%
Walda Rivers
70.2%
White Walda Frey
70.2%
Xaro Xhoan Daxos
70.2%
Wyl
70%
Wyl Waynwood
70%
Tormund
67.9%
Theo Frey
67.4%
Theo Wull
67.4%
Theon Greyjoy
67.2%
Theon Stark
67.2%
Tytos Blackwood
66.8%
Tytos Brax
66.8%
Tytos Frey
66.8%
Tytos Lannister
66.8%
Wyman Manderly
64.1%
Ygritte
63.2%
Wylla
61.6%
Wylla Manderly
61.6%
Yoren
61.5%
Tim Stone
60.1%
Tim Tangletongue
60.1%
Willas Tyrell
59.4%
Willem Darry
58.4%
Willem Frey
58.4%
Willem Lannister
58.4%
Lady Tanda Stokeworth
57.8%
Victarion Greyjoy
56.9%
Tyrek Lannister
56.7%
Val
56.7%
Wendel Frey
56.5%
Thoros of Myr
55.2%
Tyene Sand
54%
Trystane Martell
52.7%
Tygett Lannister
50.4%
Visenya Targaryen
49.6%
Tysha
49.2%
Wylis Manderly
48.3%
Viserion
46.9%
William Mooton
46.9%
Waymar Royce
45.6%
Timett son of Timett
45.4%
Torrhen Stark
45%
Varamyr
43.9%
Willam
42.7%
Willam Dustin
42.7%
Willam Stark
42.7%
Willam Wells
42.7%
Willam Wythers
42.7%
Tristifer Botley
42.6%
Tristifer IV Mudd
42.6%
Tristifer V Mudd
42.6%
Vargo Hoat
41.6%
Yandry
40.6%
Yezzan zo Quggaz
39.7%
Wex Pyke
39.5%
Yohn Farwynd
38.5%
Yohn Royce
38.5%
% Correct
Tion Frey
38.2%
Walton
36.8%
Walton Frey
36.8%
Walton Stark
36.8%
Urrigon Greyjoy
35.9%
The Tickler
34.4%
Ysilla
33.6%
Ysilla Royce
33.6%
Timeon
33.4%
Vardis Egen
33.4%
Victor Tyrell
32.1%
Weese
31.7%
Urswyck
31.5%
Vayon Poole
30.7%
Waltyr Frey
30.7%
Tansy
30.5%
Unella
30.2%
Umma
29.8%
Ulmer
29.4%
Tristan Ryger
28.6%
Zia Frey
28.4%
Tycho Nestoris
28.1%
Utt
28.1%
Tya Lannister
27.3%
Thoren Smallwood
27.1%
Utherydes Wayn
27.1%
Zachery Frey
26.9%
Wat
26.3%
Wat the Orphan
26.3%
Wat the Sailor
26.3%
Whitesmile Wat
26.3%
Uller
26%
Tyta Frey
25.2%
Yollo
25%
Tommard
24.6%
Zhoe Blanetree
24.4%
Vylarr
23.9%
Torren Liddle
23.3%
Vickon Botley
23.3%
Vickon Greyjoy
23.3%
Willamen Frey
23.3%
Tobho Mott
23.1%
Theodore Tyrell
22.7%
Wenda
22.7%
Tybolt Crakehall
22.5%
Tybolt Hetherspoon
22.5%
Uthor Tollett
22.5%
Theomore
22.1%
Themore Harlaw
22.1%
Terrence Kenning
21.6%
Terrence Tyne
21.6%
Victaria Tyrell
21.6%
Triston Farwynd
21.4%
Triston of Tally Hill
21.4%
Triston Sunderland
21.4%
Willow
20.8%
Tyana Wylde
20.6%
Waldon Wynch
20.4%
Walgrave
20.4%
Tysane Frey
20.2%
Varly
19.7%
Wallace Waynwood
19.3%
Willifer
18.9%
Wynafryd Manderly
18.3%
Watt of Long Lake
18.1%
The Tattered Prince
17.9%
Zei
17.7%
Tregar
17.4%
Tregar Ormollen
17.4%
Vortimer Crane
17%
Whalen Frey
17%
Waif
16.6%
Ulf son of Umar
16%
Ulf the Ill
16%
Toregg
15.8%
The Weeper
15.5%
Theodan Wells
15.3%
Theomar Smallwood
15.1%
Timoth
14.7%
Talea
14.3%
Timon
14.3%
% Correct
Timon Scrapesword
14.3%
Titus Peake
14.3%
Togg Joth
13.9%
Xhondo
13.9%
Young Henly
13.9%
Turnip
13.7%
Tremond Gargalen
13.4%
Wynafrei Whent
13.4%
Vaellyn
12.8%
Wendamyr
12.8%
Willis Wode
12.8%
Zarabelo
12.8%
Tallard
12.6%
Yna
12.6%
Terrance Lynderly
12.4%
Todder
12.4%
Wynton Stout
12.4%
Ternesio Terys
12.2%
Tywin Frey
12.2%
Ygon Farwynd
12%
Warryn Beesbury
11.8%
Tanton Fossoway
11.6%
Thistle
11.6%
Warren
11.6%
Watty
11.6%
Trebor Jordayne
11.3%
Urron Greyjoy
11.1%
Veiled Lady
11.1%
Tarle
10.9%
Torbert
10.9%
Wallen
10.7%
Torwold Browntooth
10.3%
Walys Flowers
10.3%
Tagganaro
10.1%
Three Toes
10.1%
Three-Tooth
9.9%
TomToo
9.7%
Urek
9.7%
Willit
9.7%
Thormor
9.4%
Toefinger
8.8%
Violet
8.8%
Wayn
8.8%
Tarber
8.6%
Terro
8.6%
Tumberjon
8.4%
Yorko Terys
8%
Vulture King
7.1%
The Merling Queen
6.5%
Tymor
6.5%
Willum
6.3%
Woth
6.1%
Zekko
5.9%
Tristimun
5.7%
Urzen
5.3%
Todric
5.2%
Torrek
5.2%
The High Sparrow
5%
Torwynd
4.8%
Wulfe
4.8%
Ulwyck Uller
4.6%
Ulrick Dayne
4.2%
Umfred
4.2%
Urreg
4.2%
Wilbert
4.2%
Tothmure
4%
Young GriffYoung
4%
Temmo
3.8%
Umar
3.8%
Urrathon
3.6%
Willow Heddle
3.6%
Tobbot
3.4%
Turquin
3.2%
Urras Ironfoot
3.1%
Tuffleberry
2.9%
Werlag
2.9%
Thobald
2.7%
The Lady of the Leaves
2.5%
Wendello Qar Deeth
2.5%
The Spotted Cat
2.1%
Titan's Bastard
1.3%

You're not logged in!

Compare scores with friends on all Sporcle quizzes.
OR
Log In

You Might Also Like...

Show Comments

Extras

Top Quizzes Today


Score Distribution

Your Account Isn't Verified!

In order to create a playlist on Sporcle, you need to verify the email address you used during registration. Go to your Sporcle Settings to finish the process.

Report this User

Report this user for behavior that violates our Community Guidelines.

Details: